000 00723nam a2200217 a 4500
001 000020944
003 DO-SdBNP
005 20250410130608.0
008 100824s1982 dr 000 0 spa d
040 _aDO-SdBNP
_bspa
_cBNPHU
049 _aBNPD
082 _a972.93053
_bP979i
100 1 _aPuigsubirá Miniño, Juan Enrique
_943873
245 1 0 _aInmolación :
_bdiario de campaña de un soldado de la libertad /
_cJuan Enrique Puigsubira Miniño (Johnny).
250 _a2a ed.
260 _aSanto Domingo :
_bCorripio,
_c1982.
300 _a51 p. ;
_c22 cm.
500 _aIncluye notas al pie de las páginas
600 1 4 _a Puigsubira Miniño, Juan Enrique
_d1931-1959
_xDiarios íntimos
_943874
942 _2ddc
_cLBS1
999 _c20447
_d20447